• 首页
  • 本馆介绍
  • 公告通知
  • 最新文献
  • 馆藏检索
  • 电子资源
  • 读者导购
  • 参考咨询
  • 我的图书馆
  • 登录
  • 详细信息显示
  • 放入我的书架
  • 预约/预借图书
  • 作者相关作品
  • 分类相关作品
  • 丛书相关作品
  • 出版社相关作品

书目信息

  • 表格格式
  • 工作单格式
  • 卡片格式
题名:
女性主义社会工作
    
 
作者: Dominelli 著 ;王瑞鸿 , 张宇莲 , 李太斌 译
分册:  
出版信息: 上海   华东理工大学出版社  2007
页数: 185页
开本: 23cm
丛书名: 社会工作名著译丛
单 册:
中图分类: D440
科图分类:
主题词: 女权运动--社会工作--研究 , 女权运动 , 社会工作
电子资源:
ISBN: 978-7-5628-2103-8
000 01295oam2 2200349 450
001 010010008915
005 20120628154058.70
010    @a978-7-5628-2103-8@dCNY35.00
100    @a20071224d2007 em y0chiy0110 ea
101 1  @achi@ceng
102    @aCN@b310000
105    @ay z 001yy
106    @ar
200 1  @a女性主义社会工作@9nu^ xing zhu yi she hui gong zuo@e理论与实务@f(英)Lena Dominelli著@g王瑞鸿,张宇莲,李太斌译
210    @a上海@c华东理工大学出版社@d2007
215    @a185页@d23cm
225 2  @a社会工作名著译丛@v2
300    @a上海市重点图书
320    @a有索引
330    @a本书将女性主义理论与方法引入到社会工作之中,但并没有将服务对象仅仅局限于女性自身,而是进一步将女性主义的关怀延伸到了男性、儿童、成年人、罪犯以及家庭等相关领域,拓宽了对社会工作理论视野、实务领域、专业方法以及服务对象的创造性认知。
461  0 @12001 @a社会工作名著译丛@v2@1701 0@a徐永祥@4主编
510 1  @aFeminist social work@etheory and practice@zeng
606 0  @a女权运动@x社会工作@x研究
606 0  @a女权运动
606 0  @a社会工作
690    @aD440@v4
701  1 @aDominelli@bLena@4著
702  0 @a王瑞鸿@9wang rui hong@4译
702  0 @a张宇莲@9zhang yu lian@4译
702  0 @a李太斌@9li tai bin@4译
801  0 @aCN@bRENTIAN@c20071224
905    @b541574-77@dD440@e27@f4
    
    女性主义社会工作:理论与实务/(英)Lena Dominelli著/王瑞鸿,张宇莲,李太斌译.-上海:华东理工大学出版社,2007
    185页;23cm.-(社会工作名著译丛;2)
    上海市重点图书
    
    ISBN 978-7-5628-2103-8:CNY35.00
    本书将女性主义理论与方法引入到社会工作之中,但并没有将服务对象仅仅局限于女性自身,而是进一步将女性主义的关怀延伸到了男性、儿童、成年人、罪犯以及家庭等相关领域,拓宽了对社会工作理论视野、实务领域、专业方法以及服务对象的创造性认知。
●
相关链接 在E读中查询图书 在五车中查询图书 在当当中查询图书 在豆瓣中查询图书


正题名:女性主义社会工作     索取号:D440/27         预约/预借

序号 登录号 条形码 馆藏地/架位号 状态 备注
1 541574   205415745   第一样本阅览室/ [索取号:D440/27] 在馆    
2 541575   205415754   第一借阅区/ [索取号:D440/27] 在馆    
3 541576   205415763   第一借阅区/ [索取号:D440/27] 在馆    
4 541577   205415772   密集书库-海洋学院/ [索取号:D440/27] 在馆    
唐山师范学院图书馆 欢迎您!
大连网信软件有限公司© 版权所有